Dobrovoľná forma spolupráce obcí
Vlastnými kapacitami obce ťažko zvládnu všetky problémy kompetencií. Problematika združovania obecných úradov, založená na dobrovoľnej forme spolupráce. Stimuly pre obce. Spoločné obecné úrady - hlavné prekážky. Kritériá spájania.
Salvato in:
| Autore principale: | |
|---|---|
| Natura: | Capitolo di libro |
| Lingua: | slovacco |
| Soggetti: | |
| Tags: |
Nessun Tag, puoi essere il primo ad aggiungerne!!
|
MARC
| LEADER | 00000naa a2200000 4500 | ||
|---|---|---|---|
| 001 | r047663 | ||
| 005 | 20230927091702.8 | ||
| 041 | 0 | |a slo | |
| 044 | |a SK | ||
| 245 | 1 | 0 | |a Dobrovoľná forma spolupráce obcí |c Dušan Tichý |
| 520 | |a Vlastnými kapacitami obce ťažko zvládnu všetky problémy kompetencií. Problematika združovania obecných úradov, založená na dobrovoľnej forme spolupráce. Stimuly pre obce. Spoločné obecné úrady - hlavné prekážky. Kritériá spájania. | ||
| 610 | 2 | 0 | |a obce |
| 610 | 2 | 0 | |a úrady |
| 610 | 2 | 0 | |a kompetencie |
| 610 | 2 | 0 | |a združenia |
| 610 | 2 | 0 | |a Slovensko |
| 610 | 2 | 0 | |a stimulovanie |
| 100 | 1 | |a Tichý, Dušan | |